Statistics for Top 10 West Ham

Click here to take the quiz!

General Stats

  • This quiz has been taken 15 times
  • The average score is 4 of 10

Answer Stats

HintAnswer% Correct
252Hurst
90%
102Brooking
70%
146Cottee
60%
100Peters
60%
326Watson
50%
166Dick
40%
104Robson
30%
166Ruffell
0%
107Byrne
0%
100Musgrove
0%

Score Distribution

Percentile by Number Answered

Percent of People with Each Score

Your Score History

You have not taken this quiz